000 00770nam a22002417r 4500
003 3228
005 20260611102354.0
008 260611b sa o|||j |||| 00| 0 eng d
020 _a9781644877371 (hardback)
040 _aMPL
_beng
_c3228
_erda
041 _aEnglish
082 0 _aJ 720.23 MOEN
100 _9190211
_aMoening, Kate
_eauthor
245 _aArchitect /
_cby Kate Moening ; editor: Betsy Rathburn
260 _aMinnetonka, MN :
_bBellwether Media Inc. ,
_c©2023,
_c2023.
300 _a24 pages :
_bphotographs ;
_c23 cm
490 _aCareers in STEM
490 _aBlastoff! Readers
_vLevel 3
650 0 _9199803
_aArchitect
650 0 _9199804
_aArchitect
_xVocational guidance
700 _9198171
_aRathburn, Betsy
_eeditor
942 _2ddc
_cBK
_eDDC23
_w296
_xPhillipina Naude
_y296
_zPhillipina Naude
999 _c800301
_d800300